000 00611nam a22002417a 4500
003 UA-OsUOA
001 39759
007 ta
008 20080516b un ||||| |||| 00| 0 ukr d
100 _aСтеповик Дмитро
090 _a929
_bС79
942 _cBK
040 _aUA-OsUOA
_bukr
_cUA-OsUOA
_dUA-OsUOA
245 _aЯків Гніздовський. Життя і творчість
300 _a221 с.
955 _a4
041 _aukr
080 _a929
020 _a966-7018-83-0
260 _aК.
_bВидавництво ім. О. Теліги
_c2003
650 7 _2UDC
999 _c438268
_d438268